| 000 | 00000nas 2200000zi 4500 |
| 001 | 9.886763 |
| 003 | CaOODSP |
| 005 | 20221107171517 |
| 006 | m o d f |
| 007 | cr ||||||||||| |
| 008 | 200504d19961998oncux m o f0###|0eng|d |
| 040 | |aCaOODSP|beng|erda|cCaOODSP |
| 043 | |an-cn--- |
| 086 | 1 |aC21-22E-PDF |
| 130 | 0 |aSector competitiveness frameworks. |
| 245 | 00|aSector competitiveness frameworks. |
| 264 | 1|a[Ottawa] : |bIndustry Canada, |c[1996-1998] |
| 336 | |atext|btxt|2rdacontent |
| 337 | |acomputer|bc|2rdamedia |
| 338 | |aonline resource|bcr|2rdacarrier |
| 500 | |aIssued also in French under title: Cadres de compétitivité sectorielle . |
| 500 | |aDigitized edition from print [produced by Innovation, Science and Economic Development Canada]. |
| 530 | |aIssued also in print format. |
| 650 | 0|aBusiness and education|zCanada. |
| 650 | 0|aCompetition|zCanada. |
| 710 | 1 |aCanada. |bService Industries and Capital Projects. |
| 710 | 1 |aCanada. |bIndustry Canada. |
| 775 | 08|tCadres de compeĢtitiviteĢ sectorielle.|w(CaOODSP)9.886762 |
| 776 | 0#|tSector competitiveness frameworks |w(CaOODSP)9.514437 |